000 00286nam a2200133Ia 4500
100 _aJowett C.E.
942 _cBK
654 _aElectronics
245 _aMaterials & Process in Electronics
260 _bHutchinson
_aLondon
_c1982
300 _a1074
546 _aENGLISH
999 _c19915
_d19915